The Cambridge law journal.

Bibliographic Details
Uniform Title:Cambridge law journal (Online)
Corporate Authors: Cambridge University Law Society, University of Cambridge. Faculty of Law
Format: Journal
Language:English
Published: London : Published by Stevens & Sons, for the Cambridge University Law Society, 1921-
Subjects:
Online Availability: Check for online availability

MARC

Tag First Indicator Second Indicator Subfields
LEADER 00000cas a2200000 a 4500
001 in00002423521
005 20151110080533.0
006 m d
007 cr mnu||||||||
008 001005c19219999enktr pss 0 0eng d
010 |a  2003252752 
019 |a 43379604  |a 48495729  |a 53456118  |a 65200266 
022 |a 1469-2139  |y 0008-1973 
029 1 |a OCLCS  |b 5937 
029 1 |a OCLCS  |b OP-18046 
029 1 |a NZ1  |b 7858892 
029 1 |a AU@  |b 000024814058 
029 1 |a AU@  |b 000043817620 
035 |a (OCoLC)ocm45127701 
035 |a (OCoLC)45127701  |z (OCoLC)43379604  |z (OCoLC)48495729  |z (OCoLC)53456118  |z (OCoLC)65200266 
037 |b Cambridge University Press, The Edinburgh Building, Shaftesbury Road, Cambridge CB2 2RU, United Kingdom 
040 |a F#A  |c F#A  |d OCLCQ  |d WAU  |d OCLCQ  |d OCL  |d DOS  |d EYM  |d TXA  |d UtOrBLW 
042 |a lcd 
043 |a e-uk--- 
049 |a TXAM 
050 1 4 |a K3  |b .A4425 Electronic 
092 |a 340 
130 0 |a Cambridge law journal (Online) 
245 1 4 |a The Cambridge law journal. 
246 1 3 |a Cambridge L.J. 
264 1 |a London :  |b Published by Stevens & Sons, for the Cambridge University Law Society,  |c 1921- 
310 |a Three times a year,  |b 1985- 
321 |a Annual,  |b 1921-1953 
321 |a Semiannual,  |b 1954-1984 
336 |a text  |b txt  |2 rdacontent 
337 |a computer  |b c  |2 rdamedia 
338 |a online resource  |b cr  |2 rdacarrier 
362 1 |a Began publication with Vol. 1, no. 1 (1921). 
500 |a Description based on: Volume 1, number 1 (1921); title from caption (Hein Online, viewed May 15, 2008). 
500 |a Latest issue consulted: Volume 62, pt. 3 (Nov. 2003) (Cambridge University Press, viewed May 15, 2008). 
538 |a Mode of access: World Wide Web. 
550 |a Vols. for 1967- published for the Faculty of Law, University of Cambridge by Cambridge University Press. 
500 |a Electronic resource. 
650 0 |a Law  |z Great Britain  |v Periodicals. 
650 0 |a Law  |v Periodicals. 
710 2 |a Cambridge University Law Society. 
710 2 |a University of Cambridge.  |b Faculty of Law. 
776 0 8 |i Also issued in print:  |t Cambridge law journal  |x 0008-1973  |w (DLC) 25019319  |w (OCoLC)2277447 
948 |a cataloged  |b h  |c 2009/3/10  |d c  |e spoltoratski 
994 |a C0  |b TXA 
999 |a MARS 
999 f f |s b0ccd391-b192-3ccd-b93f-98439a1c92ea  |i 7799af93-1e17-3226-9f27-bc1d36564f60  |t 0 
952 f f |a Texas A&M University  |b College Station  |c Electronic Resources  |d Available Online  |t 0  |e K3 .A4425  |g Electronic  |h Library of Congress classification 
998 f f |a K3 .A4425  |t 0  |l Available Online